Detalles MARC
| 000 -LIDER |
| fixed length control field |
01117nam a2200337 a 4500 |
| 001 - NÚMERO DE CONTROL |
| Identificador de número de control |
|
| 003 - IDENTIFICACDOR DE NÚMERO DE CONTROL |
| control field |
DO-SdBNP |
| 005 - DATE AND TIME OF LATEST TRANSACTION |
| control field |
20220310082647.0 |
| 008 - ELEMENTOS DE LONGITUD FIJA |
| fixed length control field |
100902s1998 dr 001 e spa d |
| 020 ## - ISBN |
| International Standard Book Number |
9768175036 |
| 040 ## - FUENTE DE CATALOGACIÓN |
| Agencia que crea de manera original el registro |
DO-SdBNP |
| Idioma de catalogación |
spa |
| Agencia que realiza la transcripción |
BPMSU |
| 049 ## - LOCAL HOLDINGS (OCLC) |
| Holding library |
|
| 082 ## - NÚMERO DE CLASIFICACIÓN DECIMAL DE DEWEY |
| Classification number |
070.44 |
| Item number |
H552u 1998 |
| Edition number |
22 |
| 100 1# - ASIENTO PRINCIPAL -- NOMBRE PERSONAL |
| Nombre personal |
Hermann, Hamlet, |
| Fechas asociadas con el nombre |
1934- |
| 245 10 - MENCIÓN DE TITULO |
| Título |
Un ala del pájaro / |
| Mención de responsabilidad |
Hamlet Hermann ; prólogo Juan Ducoudray. |
| 260 ## - PUBLICACIÓN, DISTRIBUCIÓN, ETC. (PIE DE IMPRENTA) |
| Lugar de publicación, distribución, etc |
Santo Domingo : |
| Nombre del editor, distribuidor, etc. |
Alfa y Omega, |
| Fecha de publicación, distribución, etc |
1998. |
| 300 ## - DESCRIPCIÓN FÍSICA |
| Extensión |
325 p. ; |
| Dimensiones |
22 cm. |
| 500 ## - NOTA GENERAL |
| Nota general |
Incluye índice onomástico. |
| 500 ## - NOTA GENERAL |
| Nota general |
Incluye datos biográficos del autor en la solapa de la cubierta. |
| 590 ## - NOTA LOCAL |
| Enlace |
Inventariado, 2022 |
| 650 #4 - ENCABEZAMIENTO DE MATERIA--TEMÁTICO |
| Término temático o nombre geográfico como elemento de entrada |
Ensayos periodísticos |
| 650 #4 - ENCABEZAMIENTO DE MATERIA--TEMÁTICO |
| Término temático o nombre geográfico como elemento de entrada |
Diarios dominicanos |
| Subdivisión temática general |
Secciones, columnas, etc. |
| 651 #4 - ENCABEZAMIENTO DE MATERIA--NOMBRE GEOGRÁFICO |
| Nombre geográfico |
Cuba |
| Subdivisión temática general |
Historia |
| Subdivisión cronológica |
1959- |
| Subdivisión temática general |
Ensayos, conferencias, etc. |
| 700 1# - ASIENTO SECUNDARIO -- NOMBRE PERSONAL |
| Nombre personal |
Ducoudray, Juan, |
| Mención de responsabilidad |
prólogo |
| 730 0# - ADDED ENTRY--UNIFORM TITLE |
| Uniform title |
El Siglo (República Dominicana) |
| 730 0# - ADDED ENTRY--UNIFORM TITLE |
| Uniform title |
La Noticia (República Dominicana) |
| 730 0# - ADDED ENTRY--UNIFORM TITLE |
| Uniform title |
El Sol (República Dominicana) |
| 730 0# - ADDED ENTRY--UNIFORM TITLE |
| Uniform title |
Hoy (República Dominicana) |
| 910 ## - VALIDACIÓN |
| Validación |
VMateo V |
| 942 ## - ADDED ENTRY ELEMENTS (KOHA) |
| Source of classification or shelving scheme |
Dewey Decimal Classification |
| Koha item type |
Libros |